zpět

Detail výsledku týmu

The Pub Praha 2 PO, Praha

Datum a čas kvízu

36.5 Celkem bodů Celkový počet nahraných bodů na tomto kvízu bez doplňovacích otázek.
6. Pořadí na kvízu Konečné umístění týmu na tomto kvízu.

Zaznamenané odpovědi

# Otázka Odpověď Body Výsledky
1. Pod názvem Liga mistrů se nejp... Marcel Desailly, Ajax Amsterdam 1
2. Finálové zápasy obecně na góly... D 1
3. Který španělský klub, jenž La... Valencia, Gaizka Mendieta 1
4. Ve kterém velkoměstě obývaném... v Istanbulu, Carlo Ancelotti 1
5. Znělka Ligy mistrů vychází ze... D 0
6. „Jeli jsme na zápas Ligy mistr... José Mourinho 1
7. „Bylo to šílené. Neměl jsem sí... Milan Baroš, Karel Jarolím 0
8. Velmi známé jsou u nás přepisy... černoprdelník 1
9. „V té sezóně jsem dostal celke... Paul Gascoigne 1
10. Který český trenér reagoval po... Petr Rada 1